000 00288nmm a2200097Ia 4500
008 220120s9999||||xx |||||||||||||||||und||
020 _a0-07-044580-X
100 _aCengel, Yunus A and Cimbala, John M
245 0 _aFluide mechanics
260 _aTata mcgraw hill company Ltd.
_bNew Delhi
_c2012
999 _c139760
_d139760